Applied Abstract Algebra /

Enregistré dans:
Détails bibliographiques
Auteur principal: Lidl, Rudolf
Autres auteurs: Pilz, Gunter
Format: Sách giấy
Langue:English
Publié: New York : Springer-Verlag , 1984
Tags: Ajouter un tag
Pas de tags, Soyez le premier à ajouter un tag!
Thư viện lưu trữ: Thư viện Trường Đại học Đà Lạt
LEADER 00597nam a2200253 4500
001 DLU020011125
005 ##12/10/1999
041 # # |a eng 
082 # # |a 512.02  |b LI-R 
090 # # |a 512.02  |b LI-R 
100 # # |a Lidl, Rudolf 
245 # # |a Applied Abstract Algebra /  |c Lidl Rudolf, Pilz Gunter 
260 # # |a New York :  |b Springer-Verlag ,  |c 1984 
300 # # |a X, 545 tr.;   |c 23 cm. 
700 # # |a Pilz, Gunter 
992 # # |a 22000 
994 # # |a DLU 
900 # # |a False 
911 # # |a Administrator 
925 # # |a G 
926 # # |a A 
927 # # |a SH 
980 # # |a Thư viện Trường Đại học Đà Lạt